[Event "ROM-chT U16"]
[Site "Iasi"]
[Date "2018.07.13"]
[Round "1.3"]
[White "Codreanu, Alex Cosmin"]
[Black "Baltagaru, Mario Cosmin"]
[Result "1-0"]
[WhiteElo "1823"]
[BlackElo "1115"]
[PlyCount "33"]
[EventDate "2018.07.13"]
[EventType "team-swiss"]
[EventRounds "7"]
[EventCountry "ROU"]
[SourceTitle "EXT 2019"]
[Source "ChessBase"]
[SourceDate "2018.10.10"]
[SourceVersion "1"]
[SourceVersionDate "2018.10.10"]
[SourceQuality "1"]
[WhiteTeam "Galati CC"]
[BlackTeam "Galati CC II"]
[WhiteTeamCountry "ROU"]
[BlackTeamCountry "ROU"]

1. d4 d5 2. c4 e6 3. Nc3 Be7 4. Nf3 Nf6 5. Bg5 h6 6. Bh4 0-0 7. e3 b6 8. cxd5 exd5 9. Bd3 Re8 10. Ne5 Bb7 11. Qc2 Nbd7 12. Bb5 c6 13. Bxc6 Qc7 14. Bxf6 Bxf6 15. Nxd5 Qd6 16. Nxf6+ Kh8 17. Nxf7# 1-0

[Event "ROM-ch U14"]
[Site "Calimanesti"]
[Date "2018.03.30"]
[Round "5"]
[White "Tudoroiu, Razvan Catalin"]
[Black "Baltagaru, Mario Cosmin"]
[Result "1/2-1/2"]
[WhiteElo "1001"]
[BlackElo "1137"]
[PlyCount "35"]
[EventDate "2018.03.27"]
[EventType "swiss"]
[EventRounds "9"]
[EventCountry "ROU"]
[SourceTitle "CBM 183 Extra"]
[Source "ChessBase"]
[SourceDate "2018.04.19"]
[SourceVersion "1"]
[SourceVersionDate "2018.04.19"]
[SourceQuality "1"]

1. d4 d5 2. Nf3 e6 3. Bf4 Be7 4. e3 Nf6 5. Bd3 b6 6. 0-0 Bb7 7. Re1 0-0 8. Nbd2 Nbd7 9. e4 Nxe4 10. Nxe4 dxe4 11. Bxe4 Bxe4 12. Rxe4 Bf6 13. Ne5 c5 14. Nxd7 Qxd7 15. dxc5 Qxd1+ 16. Rxd1 Bxb2 17. cxb6 axb6 18. Rb4 1/2-1/2

[Event "ROM-ch U14"]
[Site "Baile Felix"]
[Date "2017.02.06"]
[Round "6"]
[White "Carpenis, Eduard Georgian Mih"]
[Black "Baltagaru, Mario Cosmin"]
[Result "1/2-1/2"]
[WhiteElo "1145"]
[BlackElo "1001"]
[PlyCount "56"]
[EventDate "2017.02.02"]
[EventType "swiss"]
[EventRounds "9"]
[EventCountry "ROU"]
[SourceTitle "CBM 176 Extra"]
[Source "ChessBase"]
[SourceDate "2017.03.02"]
[SourceVersion "1"]
[SourceVersionDate "2017.03.02"]
[SourceQuality "1"]

1. e4 e5 2. Nf3 Nc6 3. Bb5 a6 4. Bxc6 bxc6 5. Nxe5 Qe7 6. Nf3 Qxe4+ 7. Qe2 Qxe2+ 8. Kxe2 Nf6 9. d4 c5 10. Be3 cxd4 11. Bxd4 Be7 12. Kd3 0-0 13. Re1 Re8 14. h3 c5 15. Bxf6 gxf6 16. g4 Bb7 17. Nh4 Bf8 18. Nc3 Re6 19. Nf5 Rae8 20. Re3 d5 21. Rae1 d4 22. Rxe6 fxe6 23. Ne4 Bxe4+ 24. Rxe4 Kf7 25. Ng3 Rb8 26. b3 Bd6 27. f4 e5 28. f5 a5 1/2-1/2

[Event "ROM-ch U12"]
[Site "Calimanesti"]
[Date "2015.04.02"]
[Round "4"]
[White "Baltagaru, Mario Cosmin"]
[Black "Clenciu, Daniel Marian"]
[Result "0-1"]
[WhiteElo "1001"]
[BlackElo "1070"]
[PlyCount "38"]
[EventDate "2015.03.30"]
[EventType "swiss"]
[EventRounds "9"]
[EventCountry "ROU"]
[SourceTitle "CBM 165 Extra"]
[Source "ChessBase"]
[SourceDate "2015.04.21"]
[SourceVersion "1"]
[SourceVersionDate "2015.04.21"]
[SourceQuality "1"]

1. e4 e5 2. Nf3 Nc6 3. Nc3 Nf6 4. Bc4 Bc5 5. 0-0 d6 6. d3 Bg4 7. Bg5 h6 8. Bxf6 Qxf6 9. Nd5 Qd8 10. c3 a6 11. b4 Ba7 12. a4 Ne7 13. b5 Qd7 14. Qb3 Ng6 15. a5 Bxf3 16. gxf3 Qh3 17. Nxc7+ Kd7 18. Nxa8 Nh4 19. Kh1 Qg2# 0-1

[Event "ROM-ch U12"]
[Site "Calimanesti"]
[Date "2015.04.02"]
[Round "5"]
[White "Ionescu, Mario Valentin"]
[Black "Baltagaru, Mario Cosmin"]
[Result "0-1"]
[WhiteElo "1001"]
[BlackElo "1001"]
[PlyCount "77"]
[EventDate "2015.03.30"]
[EventType "swiss"]
[EventRounds "9"]
[EventCountry "ROU"]
[SourceTitle "CBM 165 Extra"]
[Source "ChessBase"]
[SourceDate "2015.04.21"]
[SourceVersion "1"]
[SourceVersionDate "2015.04.21"]
[SourceQuality "1"]

1. g3 d5 2. Bg2 Nf6 3. b3 Bf5 4. Bb2 Nc6 5. d3 e5 6. Nd2 d4 7. c3 Bc5 8. e3 dxe3 9. fxe3 Qxd3 10. Qe2 Rd8 11. c4 Bxe3 12. Bf1 Bxd2+ 13. Kd1 Bg4 14. Qxg4 Bc3+ 15. Bxd3 Nxg4 16. Bxc3 Nf2+ 17. Ke1 Nxh1 18. Rd1 0-0 19. Nf3 e4 20. Be2 Rxd1+ 21. Bxd1 exf3 22. Bxf3 Re8+ 23. Be2 Re3 24. Bd4 Nxd4 25. b4 Rxe2+ 26. Kf1 Rxa2 27. b5 Ra1+ 28. Kg2 c5 29. h4 a6 30. bxa6 bxa6 31. Kh3 Nf2+ 32. Kg2 Ng4 33. Kh3 h5 34. Kg2 Ne2 35. Kh3 Rh1+ 36. Kg2 Rg1+ 37. Kh3 Nf2+ 38. Kh2 Rh1+ 39. Kg2 0-1

[Event "ROM-ch U12"]
[Site "Calimanesti"]
[Date "2015.03.31"]
[Round "2"]
[White "Baltagaru, Mario Cosmin"]
[Black "Antal, Andrei"]
[Result "0-1"]
[WhiteElo "1001"]
[BlackElo "1191"]
[PlyCount "70"]
[EventDate "2015.03.30"]
[EventType "swiss"]
[EventRounds "9"]
[EventCountry "ROU"]
[SourceTitle "CBM 165 Extra"]
[Source "ChessBase"]
[SourceDate "2015.04.21"]
[SourceVersion "1"]
[SourceVersionDate "2015.04.21"]
[SourceQuality "1"]

1. e4 e6 2. d4 d5 3. e5 Nc6 4. Nf3 g6 5. Bf4 Bg7 6. Nc3 Nge7 7. Bd3 a6 8. a4 Nf5 9. Bg5 f6 10. exf6 Bxf6 11. Bxf6 Qxf6 12. Bxf5 gxf5 13. 0-0 Bd7 14. Qd2 Rg8 15. Qf4 Qg6 16. Nh4 Qg4 17. Ne2 Qxe2 18. Rac1 Qg4 19. Qh6 Qg7 20. Qh5+ Qf7 21. Qxf7+ Kxf7 22. c3 Rg4 23. Nf3 Rg7 24. Rfe1 Rag8 25. g3 Re8 26. Ne5+ Nxe5 27. Rxe5 Bxa4 28. Ra1 Bd7 29. b4 Bb5 30. Kg2 h5 31. h4 Rh8 32. Ree1 Bd7 33. f4 Rhg8 34. Re5 Ra8 35. Ra2 b6 0-1